| 000 | 00755nas a2200253 4500 | ||
|---|---|---|---|
| 001 | BR2010001908 | ||
| 003 | BR-BrBNA | ||
| 005 | 20231205114019.0 | ||
| 007 | ta | ||
| 008 | 230509b bl.|||p| |||| 00| 00por d | ||
| 040 |
_aBR-BrBNA _bpor _cBiblioteca Nacional de Agricultura |
||
| 041 | _a(Pt) | ||
| 072 | _aK50; N20 | ||
| 100 | 1 | _aSimões, D. | |
| 100 | 1 | _aFenner, P.T. | |
| 245 | 1 | _aInfluência do relevo na produtividade e custos do harvester | |
| 650 | _aMECANIZAÇÃO AGRÍCOLA | ||
| 650 | _aCOLHEITADEIRA | ||
| 650 | _aCUSTO | ||
| 650 | _aINDUSTRIA FLORESTAL | ||
| 773 | 0 |
_tScientia Forestalis (Brazil) _xISSN 1413-9324 _g(Mar 2010), v. 38(5) p. 107-114 _wBR2010001908 |
|
| 909 |
_a202311 _bLúcia _c55 _dLúcia Elande |
||
| 942 |
_2AGRIS _n0 _cANA |
||
| 999 |
_c206718 _d206718 |
||